[Event "12th Arad Open 2019"]
[Site "Arad"]
[Date "2019.07.31"]
[Round "9.15"]
[White "Vasiesiu, Victor"]
[Black "Ahlander, Bjorn"]
[Result "0-1"]
[WhiteElo "2269"]
[BlackElo "2391"]
[Annotator "NA"]
[PlyCount "90"]
[EventDate "2019.07.24"]
[EventType "swiss"]
[EventCountry "ROU"]
[SourceTitle "playchess.com"]
[Source "ChessBase"]
[SourceQuality "1"]
[TimeControl "40/5400+30:900+30"]

1. e4 {[%emt 0:00:00]} c5 {[%emt 0:00:00]} 2. Nc3 {[%emt 0:00:03]} Nc6 {[%emt 0:00:03]} 3. Bb5 {[%emt 0:00:39]} Nd4 {[%emt 0:01:02]} 4. Bc4 {[%emt 0:00:07]} e6 {[%emt 0:01:05]} 5. Nge2 {[%emt 0:00:54]} a6 {[%emt 0:00:09]} 6. d3 {[%emt 0:00:29]} b5 {[%emt 0:03:32]} 7. Bb3 {[%emt 0:00:31]} Nxb3 {[%emt 0:00:49]} 8. axb3 {[%emt 0:00:05]} b4 {[%emt 0:01:08]} 9. Na4 {[%emt 0:03:28]} Bb7 {[%emt 0:03:20]} 10. O-O {[%emt 0:02:37]} Nf6 {[%emt 0:00:04]} 11. f4 {[%emt 0:00:40]} d5 {[%emt 0:11:05]} 12. e5 {[%emt 0:00:48]} Ng4 {[%emt 0:05:02]} 13. d4 {[%emt 0:01:25]} Rc8 {[%emt 0:03:17]} 14. Nxc5 {[%emt 0:04:32]} Rxc5 {[%emt 0:07:58]} 15. dxc5 {[%emt 0:01:23]} Bxc5+ {[%emt 0:00:03]} 16. Nd4 {[%emt 0:01:34]} Qh4 {[%emt 0:00:53]} 17. h3 {[%emt 0:00:43]} h5 {[%emt 0:00:11]} 18. c3 {[%emt 0:24:35]} bxc3 {[%emt 0:01:25]} 19. bxc3 {[%emt 0:00:03]} Qg3 {[%emt 0:09:36]} 20. hxg4 {[%emt 0:00:04]} Qxc3 {[%emt 0:03:34]} 21. Ra4 {[%emt 0:00:03]} hxg4 {[%emt 0:01:18]} 22. Re1 {[%emt 0:02:13]} Qg3 {[%emt 0:08:12]} 23. Be3 {[%emt 0:14:21]} Bc6 {[%emt 0:08:24]} 24. Qd2 {[%emt 0:15:20]} Bxa4 {[%emt 0:25:37]} 25. bxa4 {[%emt 0:00:35]} Rh2 {[%emt 0:00:39]} 26. Rd1 {[%emt 0:06:55]} Qh4 {[%emt 0:02:05]} 27. Kf1 {[%emt 0:00:05]} g3 {[%emt 0:01:09]} 28. Nf3 {[%emt 0:02:21]} Bxe3 {[%emt 0:00:26]} 29. Qxe3 {[%emt 0:03:16]} Rh1+ {[%emt 0:00:16]} 30. Ng1 {[%emt 0:00:43]} g5 {[%emt 0:00:26]} 31. Rb1 {[%emt 0:06:57]} Kf8 {[%emt 0:00:43]} 32. Rb4 {[%emt 0:01:14]} Qh5 {[%emt 0:01:15]} 33. Rd4 {[%emt 0:02:04]} Qh7 {[%emt 0:00:31]} 34. Qd3 {[%emt 0:03:15]} Qh2 {[%emt 0:00:03]} 35. Qe3 {[%emt 0:00:06]} Qh7 {[%emt 0:00:03]} 36. Qd3 {[%emt 0:01:07]} Rxg1+ {[%emt 0:01:30]} 37. Kxg1 {[%emt 0:00:09]} Qh2+ {[%emt 0:00:05]} 38. Kf1 {[%emt 0:00:04]} Qh1+ {[%emt 0:00:05]} 39. Ke2 {[%emt 0:00:05]} Qxg2+ {[%emt 0:00:07]} 40. Kd1 {[%emt 0:00:00]} Qh1+ {[%emt 0:00:00]} 41. Kc2 {[%emt 0:09:24]} g2 {[%emt 0:00:55]} 42. Qa3+ {[%emt 0:00:17]} Kg7 {[%emt 0:01:28]} 43. Qe7 {[%emt 0:00:10]} g1=Q {[%emt 0:00:47]} 44. Qf6+ {[%emt 0:00:11]} Kg8 {[%emt 0:00:29]} 45. Qd8+ {[%emt 0:01:04]} Kh7 {[%emt 0:00:19]} 0-1

[Event "12th Arad Open 2019"]
[Site "Arad"]
[Date "2019.07.31"]
[Round "9.16"]
[White "Peptan, Corina-Isabela"]
[Black "Anuta, Elefterie-Laurentiu"]
[Result "1-0"]
[WhiteElo "2375"]
[BlackElo "1813"]
[Annotator "NA RC"]
[PlyCount "83"]
[EventDate "2019.07.24"]
[EventType "swiss"]
[EventCountry "ROU"]
[SourceTitle "playchess.com"]
[Source "ChessBase"]
[SourceQuality "1"]
[TimeControl "40/5400+30:900+30"]

1. d4 {[%emt 0:06:40]} d6 {[%emt 0:00:00]} 2. c4 {[%emt 0:00:15]} Nf6 {[%emt 0:00:10]} 3. Nc3 {[%emt 0:00:36]} c6 {[%emt 0:00:07]} 4. g3 {[%emt 0:00:04]} Bf5 {[%emt 0:00:55]} 5. Bg2 {[%emt 0:00:06]} Qa5 {[%emt 0:01:24]} 6. Qd2 {[%emt 0:04:00]} e5 {[%emt 0:05:03]} 7. d5 {[%emt 0:02:53]} cxd5 {[%emt 0:02:21]} 8. cxd5 {[%emt 0:02:01]} Be7 {[%emt 0:03:09]} 9. e4 {[%emt 0:00:31]} Bg6 {[%emt 0:00:58]} 10. Nge2 {[%emt 0:00:43]} Nbd7 {[%emt 0:10:24]} 11. Rb1 {[%emt 0:08:23]} a6 {[%emt 0:04:46]} 12. O-O {[%emt 0:10:31]} O-O {[%emt 0:00:46]} 13. h3 {[%emt 0:03:45]} b5 {[%emt 0:03:20]} 14. b4 {[%emt 0:00:28]} Qc7 {[%emt 0:00:16]} 15. f4 {[%emt 0:00:47]} exf4 {[%emt 0:01:05]} 16. gxf4 {[%emt 0:00:13]} Rac8 {[%emt 0:04:41]} 17. Rb3 {[%emt 0:01:49]} Qb6+ {[%emt 0:06:20]} 18. Kh2 {[%emt 0:02:15]} Rc4 {[%emt 0:00:40]} 19. Qd3 {[%emt 0:02:55]} Rfc8 {[%emt 0:02:43]} 20. Be3 {[%emt 0:01:00]} Qc7 {[%emt 0:00:42]} 21. Bd4 {[%emt 0:00:38]} h5 {[%emt 0:01:50]} 22. Qe3 {[%emt 0:02:36]} h4 {[%emt 0:02:07]} 23. Kh1 {[%emt 0:10:04]} Bh5 {[%emt 0:00:49]} 24. e5 {[%emt 0:02:02]} Ne8 {[%emt 0:06:30]} 25. e6 {[%emt 0:00:35]} Ndf6 {[%emt 0:01:32]} 26. f5 {[%emt 0:00:06]} Bxe2 {[%emt 0:02:09]} 27. Nxe2 {[%emt 0:00:02]} Nh5 {[%emt 0:04:32]} 28. Bf3 {[%emt 0:06:23]} Ng3+ {[%emt 0:01:27]} 29. Nxg3 {[%emt 0:00:05]} hxg3 {[%emt 0:00:34]} 30. Bh5 {[%emt 0:00:05]} f6 {[%emt 0:02:36]} 31. Bb2 {[%emt 0:21:12]} Rc2 {[%emt 0:02:38]} 32. Qxg3 {[%emt 0:00:06]} Qc4 {[%emt 0:01:27]} 33. Qf3 {[%emt 0:07:03]} Nc7 {[%emt 0:03:23]} 34. Rd1 {[%emt 0:01:31]} Qh4 {[%emt 0:02:36]} 35. Rg1 {[%emt 0:02:25]} g5 {[%emt 0:03:36]} 36. fxg6 {[%emt 0:01:56]} Kg7 {[%emt 0:00:05]} 37. Bg4 {[%emt 0:00:46]} Qg5 {[%emt 0:03:27]} 38. Bf5 {[%emt 0:00:13]} Rxb2 {[%emt 0:05:14]} 39. Rxb2 {[%emt 0:00:22]} Qh4 {[%emt 0:00:44]} 40. Rc2 {[%emt 0:00:00]} Qxb4 {[%emt 0:00:00]} 41. Qh5 {[%emt 0:01:05]} Rh8 {[%emt 0:02:33]} 42. Qxh8+ {[%emt 0:00:20]} 1-0

[Event "12th Arad Open 2019"]
[Site "Arad"]
[Date "2019.07.31"]
[Round "9.17"]
[White "Starcevic, Ante Leon"]
[Black "Marjanovic, Annamaria"]
[Result "0-1"]
[WhiteElo "2217"]
[BlackElo "2343"]
[Annotator "NA"]
[PlyCount "116"]
[EventDate "2019.07.24"]
[EventType "swiss"]
[EventCountry "ROU"]
[SourceTitle "playchess.com"]
[Source "ChessBase"]
[SourceQuality "1"]
[TimeControl "40/5400+30:900+30"]

1. d4 {[%emt 0:00:00]} Nf6 {[%emt 0:00:00]} 2. c4 {[%emt 0:00:00]} e6 {[%emt 0:00:00]} 3. g3 {[%emt 0:00:00]} Bb4+ {[%emt 0:00:00]} 4. Bd2 {[%emt 0:00:00]} a5 {[%emt 0:00:08]} 5. Bg2 {[%emt 0:00:19]} d6 {[%emt 0:03:59]} 6. e4 {[%emt 0:00:10]} e5 {[%emt 0:02:40]} 7. Ne2 {[%emt 0:00:06]} exd4 {[%emt 0:04:39]} 8. Bxb4 {[%emt 0:03:59]} axb4 {[%emt 0:00:08]} 9. Nxd4 {[%emt 0:00:07]} O-O {[%emt 0:01:05]} 10. O-O {[%emt 0:01:15]} c5 {[%emt 0:13:32]} 11. Nb5 {[%emt 0:04:55]} Ra6 {[%emt 0:00:28]} 12. a3 {[%emt 0:12:12]} Qe7 {[%emt 0:06:53]} 13. Nd2 {[%emt 0:06:58]} bxa3 {[%emt 0:02:25]} 14. Rxa3 {[%emt 0:02:37]} Rxa3 {[%emt 0:02:46]} 15. Nxa3 {[%emt 0:03:41]} Bd7 {[%emt 0:03:40]} 16. Re1 {[%emt 0:04:16]} Nc6 {[%emt 0:06:20]} 17. Nb5 {[%emt 0:03:01]} Ne5 {[%emt 0:05:43]} 18. f4 {[%emt 0:18:46]} Nd3 {[%emt 0:08:38]} 19. Re3 {[%emt 0:00:40]} Nb4 {[%emt 0:00:23]} 20. Nf1 {[%emt 0:02:40]} Bxb5 {[%emt 0:04:09]} 21. cxb5 {[%emt 0:00:04]} Qc7 {[%emt 0:02:29]} 22. e5 {[%emt 0:05:26]} dxe5 {[%emt 0:01:11]} 23. fxe5 {[%emt 0:00:06]} Nd7 {[%emt 0:01:25]} 24. Qd6 {[%emt 0:02:48]} Qxd6 {[%emt 0:07:12]} 25. exd6 {[%emt 0:02:14]} b6 {[%emt 0:01:06]} 26. Re7 {[%emt 0:05:33]} Rd8 {[%emt 0:02:05]} 27. Ne3 {[%emt 0:03:08]} Kf8 {[%emt 0:05:29]} 28. Nc4 {[%emt 0:01:53]} f6 {[%emt 0:01:36]} 29. Bc6 {[%emt 0:08:24]} Ne5 {[%emt 0:02:04]} 30. Nxe5 {[%emt 0:01:03]} fxe5 {[%emt 0:02:00]} 31. Rb7 {[%emt 0:01:06]} Rxd6 {[%emt 0:00:47]} 32. Rxb6 {[%emt 0:00:04]} Rd1+ {[%emt 0:02:19]} 33. Kf2 {[%emt 0:00:57]} Rd2+ {[%emt 0:00:07]} 34. Ke3 {[%emt 0:00:07]} Rxb2 {[%emt 0:00:08]} 35. Be4 {[%emt 0:00:54]} c4 {[%emt 0:06:04]} 36. Rb8+ {[%emt 0:00:04]} Ke7 {[%emt 0:00:04]} 37. b6 {[%emt 0:00:05]} Rb3+ {[%emt 0:01:17]} 38. Ke2 {[%emt 0:01:19]} Rb2+ {[%emt 0:01:49]} 39. Ke3 {[%emt 0:00:06]} Rb3+ {[%emt 0:00:05]} 40. Ke2 {[%emt 0:00:00]} Na6 {[%emt 0:00:00]} 41. Rg8 {[%emt 0:03:24]} Rxb6 {[%emt 0:03:39]} 42. Rxg7+ {[%emt 0:00:04]} Kd6 {[%emt 0:01:30]} 43. Rxh7 {[%emt 0:00:08]} Kc5 {[%emt 0:01:40]} 44. Rd7 {[%emt 0:00:44]} Nb4 {[%emt 0:02:17]} 45. h4 {[%emt 0:00:49]} Ra6 {[%emt 0:02:25]} 46. h5 {[%emt 0:00:40]} Ra2+ {[%emt 0:00:18]} 47. Kf3 {[%emt 0:02:36]} Rh2 {[%emt 0:01:02]} 48. g4 {[%emt 0:00:11]} c3 {[%emt 0:01:35]} 49. Kg3 {[%emt 0:00:33]} Re2 {[%emt 0:02:00]} 50. h6 {[%emt 0:01:33]} Rxe4 {[%emt 0:01:02]} 51. h7 {[%emt 0:00:07]} Re3+ {[%emt 0:00:04]} 52. Kh4 {[%emt 0:00:28]} Re1 {[%emt 0:00:33]} 53. Kg3 {[%emt 0:06:59]} Rh1 {[%emt 0:00:24]} 54. Kg2 {[%emt 0:00:09]} Rh4 {[%emt 0:02:02]} 55. Kg3 {[%emt 0:00:10]} Rh1 {[%emt 0:00:32]} 56. Kg2 {[%emt 0:00:09]} c2 {[%emt 0:00:16]} 57. Kxh1 {[%emt 0:00:18]} c1=Q+ {[%emt 0:00:05]} 58. Kg2 {[%emt 0:00:11]} Qh6 {[%emt 0:00:13]} 0-1

[Event "12th Arad Open 2019"]
[Site "Arad"]
[Date "2019.07.31"]
[Round "9.18"]
[White "Balla, Tamas-Kristof"]
[Black "Radulescu, Andrei"]
[Result "1-0"]
[WhiteElo "2336"]
[BlackElo "1844"]
[Annotator "NA"]
[PlyCount "90"]
[EventDate "2019.07.24"]
[EventType "swiss"]
[EventCountry "ROU"]
[SourceTitle "playchess.com"]
[Source "ChessBase"]
[SourceQuality "1"]
[TimeControl "40/5400+30:900+30"]

1. e4 {[%emt 0:17:13]} d5 {[%emt 0:01:12]} 2. exd5 {[%emt 0:00:07]} Nf6 {[%emt 0:00:03]} 3. d4 {[%emt 0:00:39]} Nxd5 {[%emt 0:00:12]} 4. c4 {[%emt 0:00:33]} Nf6 {[%emt 0:00:37]} 5. Nc3 {[%emt 0:00:40]} e6 {[%emt 0:01:29]} 6. Be3 {[%emt 0:01:29]} Be7 {[%emt 0:01:55]} 7. g3 {[%emt 0:03:27]} c6 {[%emt 0:04:14]} 8. Bg2 {[%emt 0:01:10]} Qa5 {[%emt 0:00:54]} 9. Qb3 {[%emt 0:01:46]} Qb4 {[%emt 0:00:20]} 10. Nf3 {[%emt 0:01:36]} Ne4 {[%emt 0:02:45]} 11. Ne5 {[%emt 0:01:07]} Nxc3 {[%emt 0:00:11]} 12. bxc3 {[%emt 0:00:06]} Qxb3 {[%emt 0:00:47]} 13. axb3 {[%emt 0:00:06]} O-O {[%emt 0:02:23]} 14. b4 {[%emt 0:01:02]} f6 {[%emt 0:01:15]} 15. Nd3 {[%emt 0:00:13]} Nd7 {[%emt 0:02:27]} 16. c5 {[%emt 0:02:49]} e5 {[%emt 0:01:25]} 17. d5 {[%emt 0:00:40]} cxd5 {[%emt 0:00:25]} 18. Bxd5+ {[%emt 0:00:06]} Kh8 {[%emt 0:00:03]} 19. c6 {[%emt 0:00:39]} bxc6 {[%emt 0:03:17]} 20. Bxc6 {[%emt 0:05:24]} Rb8 {[%emt 0:00:02]} 21. Rxa7 {[%emt 0:00:14]} Rd8 {[%emt 0:01:11]} 22. Ke2 {[%emt 0:00:52]} Bf8 {[%emt 0:01:07]} 23. Rd1 {[%emt 0:00:19]} Nb6 {[%emt 0:00:39]} 24. f3 {[%emt 0:05:00]} Nd5 {[%emt 0:05:15]} 25. Bxd5 {[%emt 0:02:12]} Rxd5 {[%emt 0:00:06]} 26. Bc5 {[%emt 0:01:49]} Bf5 {[%emt 0:02:17]} 27. Bxf8 {[%emt 0:01:05]} Rxf8 {[%emt 0:01:05]} 28. Nc5 {[%emt 0:00:09]} Rxd1 {[%emt 0:00:31]} 29. Kxd1 {[%emt 0:00:05]} h5 {[%emt 0:00:14]} 30. b5 {[%emt 0:02:11]} Rc8 {[%emt 0:00:21]} 31. b6 {[%emt 0:00:13]} Rxc5 {[%emt 0:00:45]} 32. b7 {[%emt 0:00:10]} Rb5 {[%emt 0:00:19]} 33. Ra8+ {[%emt 0:00:06]} Kh7 {[%emt 0:00:14]} 34. b8=Q {[%emt 0:00:06]} Rxb8 {[%emt 0:00:07]} 35. Rxb8 {[%emt 0:00:05]} e4 {[%emt 0:01:06]} 36. fxe4 {[%emt 0:00:08]} Bxe4 {[%emt 0:00:02]} 37. c4 {[%emt 0:00:06]} g5 {[%emt 0:00:43]} 38. c5 {[%emt 0:00:14]} Kg7 {[%emt 0:00:08]} 39. Re8 {[%emt 0:01:19]} Bf3+ {[%emt 0:00:18]} 40. Kd2 {[%emt 0:00:00]} Kf7 {[%emt 0:00:00]} 41. Re3 {[%emt 0:00:13]} Bc6 {[%emt 0:02:58]} 42. Kc3 {[%emt 0:00:12]} f5 {[%emt 0:00:30]} 43. Kd4 {[%emt 0:00:13]} f4 {[%emt 0:00:23]} 44. gxf4 {[%emt 0:00:47]} gxf4 {[%emt 0:00:03]} 45. Re5 {[%emt 0:00:11]} f3 {[%emt 0:00:45] Ke4} 1-0

[Event "12th Arad Open 2019"]
[Site "Arad"]
[Date "2019.07.31"]
[Round "9.19"]
[White "Visanescu, Daria-Ioana"]
[Black "Ardeleanu, Alin"]
[Result "1-0"]
[WhiteElo "2079"]
[BlackElo "2323"]
[Annotator "NA"]
[PlyCount "89"]
[EventDate "2019.07.24"]
[EventType "swiss"]
[EventCountry "ROU"]
[SourceTitle "playchess.com"]
[Source "ChessBase"]
[SourceQuality "1"]
[TimeControl "40/5400+30:900+30"]

1. e4 {[%emt 0:06:32]} g6 {[%emt 0:02:39]} 2. d4 {[%emt 0:00:06]} Bg7 {[%emt 0:00:06]} 3. Nc3 {[%emt 0:00:16]} d6 {[%emt 0:01:10]} 4. Nf3 {[%emt 0:00:22]} c6 {[%emt 0:01:02]} 5. h3 {[%emt 0:01:14]} Nd7 {[%emt 0:04:35]} 6. Be3 {[%emt 0:04:15]} b5 {[%emt 0:03:50]} 7. Bd3 {[%emt 0:05:03]} a6 {[%emt 0:00:33]} 8. Ne2 {[%emt 0:01:47]} Nb6 {[%emt 0:05:23]} 9. b3 {[%emt 0:01:45]} Qc7 {[%emt 0:02:05]} 10. c4 {[%emt 0:01:35]} bxc4 {[%emt 0:01:50]} 11. bxc4 {[%emt 0:00:08]} Nd7 {[%emt 0:02:49]} 12. c5 {[%emt 0:09:42]} dxc5 {[%emt 0:01:03]} 13. O-O {[%emt 0:00:08]} cxd4 {[%emt 0:01:03]} 14. Nexd4 {[%emt 0:01:51]} Ngf6 {[%emt 0:08:23]} 15. Rc1 {[%emt 0:12:04]} Bb7 {[%emt 0:02:08]} 16. Qa4 {[%emt 0:00:20]} Rc8 {[%emt 0:15:42]} 17. e5 {[%emt 0:12:39]} Nxe5 {[%emt 0:19:09]} 18. Nxe5 {[%emt 0:00:05]} Qxe5 {[%emt 0:00:05]} 19. Rb1 {[%emt 0:13:49]} Qc7 {[%emt 0:10:04]} 20. Qb3 {[%emt 0:10:19]} Ba8 {[%emt 0:05:41]} 21. Bxa6 {[%emt 0:00:21]} O-O {[%emt 0:01:39]} 22. Bxc8 {[%emt 0:06:31]} Rxc8 {[%emt 0:00:03]} 23. f3 {[%emt 0:00:46]} Nd5 {[%emt 0:02:02]} 24. Bf2 {[%emt 0:00:38]} Qf4 {[%emt 0:05:55]} 25. Ne2 {[%emt 0:00:24]} Qd2 {[%emt 0:01:10]} 26. Ng3 {[%emt 0:02:51]} Nc3 {[%emt 0:01:20]} 27. Ne4 {[%emt 0:01:31]} Ne2+ {[%emt 0:00:59]} 28. Kh1 {[%emt 0:00:02]} Qf4 {[%emt 0:00:17]} 29. Qd3 {[%emt 0:02:26]} f5 {[%emt 0:01:05]} 30. Qxe2 {[%emt 0:01:50]} fxe4 {[%emt 0:00:01]} 31. fxe4 {[%emt 0:00:20]} Be5 {[%emt 0:00:15]} 32. Bg1 {[%emt 0:00:33]} Qg5 {[%emt 0:00:27]} 33. Qc4+ {[%emt 0:01:01]} Kh8 {[%emt 0:00:02]} 34. Qe6 {[%emt 0:00:27]} Rg8 {[%emt 0:01:06]} 35. Bh2 {[%emt 0:01:19]} Bf6 {[%emt 0:00:17]} 36. Bf4 {[%emt 0:00:59]} Qh5 {[%emt 0:00:49]} 37. Rb8 {[%emt 0:01:22]} Rxb8 {[%emt 0:00:11]} 38. Bxb8 {[%emt 0:00:01]} c5 {[%emt 0:00:20]} 39. e5 {[%emt 0:01:27]} Bxg2+ {[%emt 0:00:45]} 40. Kxg2 {[%emt 0:00:00]} Qe2+ {[%emt 0:00:00]} 41. Rf2 {[%emt 0:00:56]} Qe4+ {[%emt 0:00:12]} 42. Kh2 {[%emt 0:00:15]} Qd4 {[%emt 0:00:55]} 43. Qc8+ {[%emt 0:00:27]} Kg7 {[%emt 0:00:05]} 44. exf6+ {[%emt 0:00:07]} exf6 {[%emt 0:00:11]} 45. Qc7+ {[%emt 0:00:15]} 1-0

[Event "12th Arad Open 2019"]
[Site "Arad"]
[Date "2019.07.31"]
[Round "9.20"]
[White "Mitran, Anthony Cristian"]
[Black "Patrascu, Catalin-Lucian"]
[Result "0-1"]
[WhiteElo "2089"]
[BlackElo "2292"]
[Annotator "NA"]
[PlyCount "76"]
[EventDate "2019.07.24"]
[EventType "swiss"]
[EventCountry "ROU"]
[SourceTitle "playchess.com"]
[Source "ChessBase"]
[SourceQuality "1"]
[TimeControl "40/5400+30:900+30"]

1. Nf3 {[%emt 0:03:00]} c5 {[%emt 0:00:00]} 2. c4 {[%emt 0:00:23]} Nc6 {[%emt 0:00:53]} 3. Nc3 {[%emt 0:00:20]} g6 {[%emt 0:03:11]} 4. e3 {[%emt 0:00:29]} Nf6 {[%emt 0:00:57]} 5. d4 {[%emt 0:00:15]} cxd4 {[%emt 0:01:43]} 6. exd4 {[%emt 0:01:55]} d5 {[%emt 0:00:36]} 7. cxd5 {[%emt 0:13:46]} Nxd5 {[%emt 0:01:12]} 8. Bc4 {[%emt 0:00:13]} Nxc3 {[%emt 0:03:13]} 9. bxc3 {[%emt 0:00:34]} Bg7 {[%emt 0:04:34]} 10. O-O {[%emt 0:03:09]} O-O {[%emt 0:00:55]} 11. a4 {[%emt 0:02:33]} Bf5 {[%emt 0:08:36]} 12. Ba3 {[%emt 0:05:25]} Rc8 {[%emt 0:04:53]} 13. Qe2 {[%emt 0:03:42]} Qc7 {[%emt 0:08:35]} 14. Ba2 {[%emt 0:01:22]} Rfe8 {[%emt 0:07:36]} 15. Ng5 {[%emt 0:11:05]} e6 {[%emt 0:12:18]} 16. f3 {[%emt 0:15:41]} Ne7 {[%emt 0:06:43]} 17. Rac1 {[%emt 0:14:24]} Nd5 {[%emt 0:02:53]} 18. Bxd5 {[%emt 0:09:38]} exd5 {[%emt 0:00:13]} 19. Qb5 {[%emt 0:08:11]} Qf4 {[%emt 0:18:19]} 20. Rfe1 {[%emt 0:02:48]} Re3 {[%emt 0:10:14]} 21. Nxf7 {[%emt 0:01:06]} Kxf7 {[%emt 0:02:21]} 22. Qxd5+ {[%emt 0:00:00]} Be6 {[%emt 0:00:20]} 23. Qxb7+ {[%emt 0:00:01]} Rc7 {[%emt 0:00:42]} 24. Qb4 {[%emt 0:01:13]} Rxe1+ {[%emt 0:00:22]} 25. Rxe1 {[%emt 0:00:01]} Qf5 {[%emt 0:00:38]} 26. h3 {[%emt 0:01:10]} Qd5 {[%emt 0:00:23]} 27. Re5 {[%emt 0:00:28]} Qc4 {[%emt 0:00:31]} 28. Qd6 {[%emt 0:00:35]} Rd7 {[%emt 0:00:20]} 29. Qb8 {[%emt 0:00:15]} Qc7 {[%emt 0:00:42]} 30. Qb4 {[%emt 0:00:40]} Qc4 {[%emt 0:00:28]} 31. Qb8 {[%emt 0:00:23]} Qc7 {[%emt 0:00:00]} 32. Qb4 {[%emt 0:00:01]} Qc4 {[%emt 0:00:42]} 33. Qb8 {[%emt 0:00:02]} Qxc3 {[%emt 0:00:29]} 34. Rxe6 {[%emt 0:00:01]} Bxd4+ {[%emt 0:00:53]} 35. Kh2 {[%emt 0:00:07]} Kxe6 {[%emt 0:00:23]} 36. Qe8+ {[%emt 0:00:10]} Kf6 {[%emt 0:00:08]} 37. Qxd7 {[%emt 0:00:47]} Be5+ {[%emt 0:00:03]} 38. Kg1 {[%emt 0:00:21]} Qe1# 0-1

[Event "12th Arad Open 2019"]
[Site "Arad"]
[Date "2019.07.31"]
[Round "9.21"]
[White "Nester, Ihor"]
[Black "Har-Even, Abir"]
[Result "1-0"]
[WhiteElo "2361"]
[BlackElo "2083"]
[Annotator "NA"]
[PlyCount "51"]
[EventDate "2019.07.24"]
[EventType "swiss"]
[EventCountry "ROU"]
[SourceTitle "playchess.com"]
[Source "ChessBase"]
[SourceQuality "1"]
[TimeControl "40/5400+30:900+30"]

1. Nf3 {[%emt 0:32:34]} f5 {[%emt 0:00:00]} 2. d3 {[%emt 0:00:13]} Nc6 {[%emt 0:00:13]} 3. d4 {[%emt 0:00:07]} Nf6 {[%emt 0:00:34]} 4. c4 {[%emt 0:00:06]} g6 {[%emt 0:00:28]} 5. d5 {[%emt 0:01:31]} Nb4 {[%emt 0:00:34]} 6. Nc3 {[%emt 0:02:57]} Bg7 {[%emt 0:00:31]} 7. g3 {[%emt 0:00:15]} O-O {[%emt 0:00:34]} 8. Bg2 {[%emt 0:00:09]} c5 {[%emt 0:08:47]} 9. a3 {[%emt 0:06:47]} Na6 {[%emt 0:00:22]} 10. d6 {[%emt 0:00:31]} e6 {[%emt 0:05:41]} 11. Nb5 {[%emt 0:00:20]} Ne8 {[%emt 0:03:57]} 12. Rb1 {[%emt 0:02:09]} Nb8 {[%emt 0:03:02]} 13. Bf4 {[%emt 0:10:44]} Nc6 {[%emt 0:00:36]} 14. O-O {[%emt 0:01:16]} h6 {[%emt 0:17:23]} 15. e4 {[%emt 0:04:42]} fxe4 {[%emt 0:12:43]} 16. Nd2 {[%emt 0:00:22]} e5 {[%emt 0:06:12]} 17. Be3 {[%emt 0:00:30]} Nd4 {[%emt 0:00:11]} 18. Nxe4 {[%emt 0:00:44]} a6 {[%emt 0:12:58]} 19. Nbc3 {[%emt 0:00:12]} Rb8 {[%emt 0:00:42]} 20. Nd5 {[%emt 0:04:20]} b6 {[%emt 0:02:33]} 21. Ne7+ {[%emt 0:00:09]} Kh7 {[%emt 0:00:23]} 22. Qg4 {[%emt 0:00:16]} g5 {[%emt 0:03:29]} 23. Bxg5 {[%emt 0:04:28]} Bb7 {[%emt 0:02:36]} 24. Bxh6 {[%emt 0:00:34]} Bxe4 {[%emt 0:04:43]} 25. Bxe4+ {[%emt 0:00:02]} Kh8 {[%emt 0:00:40]} 26. Bxg7+ {[%emt 0:00:17] Nc6} 1-0

[Event "12th Arad Open 2019"]
[Site "Arad"]
[Date "2019.07.31"]
[Round "9.22"]
[White "Aciu, Malina-Andreea"]
[Black "Dobre, Claudiu-Cristian"]
[Result "0-1"]
[WhiteElo "2047"]
[BlackElo "2340"]
[Annotator "NA"]
[PlyCount "98"]
[EventDate "2019.07.24"]
[EventType "swiss"]
[EventCountry "ROU"]
[SourceTitle "playchess.com"]
[Source "ChessBase"]
[SourceQuality "1"]
[TimeControl "40/5400+30:900+30"]

1. e4 {[%emt 0:00:00]} c6 {[%emt 0:00:00]} 2. d4 {[%emt 0:00:00]} d5 {[%emt 0:00:00]} 3. Nd2 {[%emt 0:00:00]} dxe4 {[%emt 0:00:00]} 4. Nxe4 {[%emt 0:00:00]} Bf5 {[%emt 0:00:00]} 5. Ng3 {[%emt 0:00:00]} Bg6 {[%emt 0:00:04]} 6. Nh3 {[%emt 0:00:00]} e6 {[%emt 0:01:10]} 7. Nf4 {[%emt 0:00:42]} Qh4 {[%emt 0:00:31]} 8. c3 {[%emt 0:02:54]} Nd7 {[%emt 0:00:06]} 9. Bd3 {[%emt 0:05:50]} Ngf6 {[%emt 0:03:03]} 10. Qf3 {[%emt 0:07:43]} Bd6 {[%emt 0:01:05]} 11. Nxg6 {[%emt 0:03:13]} hxg6 {[%emt 0:00:07]} 12. Ne4 {[%emt 0:01:49]} Nxe4 {[%emt 0:00:48]} 13. Bxe4 {[%emt 0:02:16]} Nf6 {[%emt 0:00:30]} 14. Bc2 {[%emt 0:23:10]} Qg4 {[%emt 0:53:51]} 15. Qxg4 {[%emt 0:06:09]} Nxg4 {[%emt 0:00:05]} 16. h3 {[%emt 0:00:08]} Nf6 {[%emt 0:00:33]} 17. O-O {[%emt 0:00:47]} Nd5 {[%emt 0:01:13]} 18. Re1 {[%emt 0:06:12]} O-O-O {[%emt 0:01:35]} 19. c4 {[%emt 0:02:41]} Nc7 {[%emt 0:13:16]} 20. Be3 {[%emt 0:08:36]} Be7 {[%emt 0:00:07]} 21. Rad1 {[%emt 0:03:07]} Rd7 {[%emt 0:00:37]} 22. Re2 {[%emt 0:05:01]} a6 {[%emt 0:05:55]} 23. b3 {[%emt 0:02:31]} Bf6 {[%emt 0:01:26]} 24. Red2 {[%emt 0:01:24]} Rhd8 {[%emt 0:01:41]} 25. Be4 {[%emt 0:01:41]} Be7 {[%emt 0:01:33]} 26. g3 {[%emt 0:02:58]} Bb4 {[%emt 0:00:22]} 27. Rd3 {[%emt 0:00:11]} f5 {[%emt 0:03:32]} 28. Bg2 {[%emt 0:00:25]} e5 {[%emt 0:00:09]} 29. Bg5 {[%emt 0:03:24]} Be7 {[%emt 0:00:16]} 30. Bxe7 {[%emt 0:02:05]} Rxe7 {[%emt 0:00:04]} 31. dxe5 {[%emt 0:00:47]} Rxd3 {[%emt 0:00:08]} 32. Rxd3 {[%emt 0:00:02]} Rxe5 {[%emt 0:00:05]} 33. Kf1 {[%emt 0:01:14]} a5 {[%emt 0:01:07]} 34. Rd6 {[%emt 0:04:36]} Re6 {[%emt 0:01:41]} 35. Rd4 {[%emt 0:00:23]} Re7 {[%emt 0:03:44]} 36. h4 {[%emt 0:01:17]} Ne6 {[%emt 0:00:12]} 37. Rd2 {[%emt 0:00:23]} Kc7 {[%emt 0:01:08]} 38. a3 {[%emt 0:02:39]} Rd7 {[%emt 0:03:06]} 39. Rxd7+ {[%emt 0:01:52]} Kxd7 {[%emt 0:00:04]} 40. Bf3 {[%emt 0:00:00]} Kd6 {[%emt 0:00:00]} 41. Ke1 {[%emt 0:00:47]} Kc5 {[%emt 0:03:39]} 42. Kd2 {[%emt 0:04:28]} Kd4 {[%emt 0:08:58]} 43. Be2 {[%emt 0:00:56]} Nc5 {[%emt 0:01:10]} 44. b4 {[%emt 0:01:42]} Ne4+ {[%emt 0:00:33]} 45. Ke1 {[%emt 0:00:07]} Nc3 {[%emt 0:01:16]} 46. Bf1 {[%emt 0:02:30]} a4 {[%emt 0:01:17]} 47. Kd2 {[%emt 0:00:43]} Nb1+ {[%emt 0:00:09]} 48. Kc1 {[%emt 0:00:20]} Nxa3 {[%emt 0:00:31]} 49. c5 {[%emt 0:00:02]} Kc3 {[%emt 0:00:36]} 0-1